[Event "Online Olym Div2 B"]
[Site "Chess.com INT"]
[Date "2021.09.02"]
[Round "1.5"]
[White "Salimova, Asal"]
[Black "Polterauer, Chiara"]
[Result "1/2-1/2"]
[WhiteElo "1905"]
[BlackElo "2190"]
[PlyCount "78"]
[EventDate "2021.09.02"]
[EventType "team (rapid)"]
[EventRounds "9"]
[EventCountry "USA"]
[SourceTitle "CBM 204 Extra"]
[Source "ChessBase"]
[SourceDate "2021.11.30"]
[SourceVersion "1"]
[SourceVersionDate "2021.11.30"]
[SourceQuality "1"]
[WhiteTeam "Uzbekistan"]
[BlackTeam "Austria"]
[WhiteTeamCountry "UZB"]
[BlackTeamCountry "AUT"]

1. d4 d5 2. Bf4 Nf6 3. e3 c5 4. Nf3 Nc6 5. c3 e6 6. Bd3 cxd4 7. exd4 Nh5 8. Be3 g6 9. 0-0 Bg7 10. Nbd2 0-0 11. Nb3 b6 12. a4 a5 13. Bb5 Ne7 14. Ne5 Ba6 15. Bxa6 Rxa6 16. Qe2 Ra8 17. g4 Nf6 18. f3 Nd7 19. f4 f6 20. Nd3 Qc7 21. Nd2 Rae8 22. Qg2 Kh8 23. Kh1 Qd6 24. Rf3 Nc6 25. Rh3 e5 26. fxe5 fxe5 27. dxe5 Ndxe5 28. Nxe5 Nxe5 29. Bd4 Qe6 30. g5 Ng4 31. Bxg7+ Kxg7 32. Rf3 Rxf3 33. Nxf3 Rf8 34. Re1 Qf5 35. Nd4 Nf2+ 36. Kg1 Nh3+ 37. Kh1 Nf2+ 38. Kg1 Nh3+ 39. Kh1 Nf2+ 1/2-1/2

[Event "Online Olym Div2 B"]
[Site "Chess.com INT"]
[Date "2020.08.16"]
[Round "9.6"]
[White "Tsivelekidou, Evgenia"]
[Black "Polterauer, Chiara"]
[Result "1-0"]
[WhiteElo "1993"]
[BlackElo "2178"]
[PlyCount "73"]
[EventDate "2020.08.14"]
[EventType "team-tourn (rapid)"]
[EventRounds "9"]
[EventCountry "USA"]
[SourceTitle "CBM 198"]
[Source "ChessBase"]
[SourceDate "2020.10.31"]
[SourceVersion "1"]
[SourceVersionDate "2020.10.31"]
[SourceQuality "1"]
[WhiteTeam "Greece"]
[BlackTeam "Austria"]
[WhiteTeamCountry "GRE"]
[BlackTeamCountry "AUT"]

1. d4 Nf6 2. c4 c5 3. d5 e6 4. Nc3 d6 5. Nf3 exd5 6. cxd5 g6 7. e4 Bg7 8. h3 0-0 9. Be2 a6 10. a4 Re8 11. Nd2 Nbd7 12. 0-0 Rb8 13. Qc2 Qc7 14. a5 b5 15. axb6 Nxb6 16. Nb3 Nfd7 17. Bxa6 Bxa6 18. Rxa6 c4 19. Nd2 Nc5 20. Ra1 Nd3 21. Nb5 Qc5 22. Na3 Nb4 23. Qd1 Bd4 24. Naxc4 Nd3 25. Nxb6 Bxf2+ 26. Kh2 Rxb6 27. Nf3 Qb5 28. Bh6 Bc5 29. Ng5 Rb7 30. Qf3 f5 31. exf5 Ne5 32. Qf4 Qd7 33. fxg6 hxg6 34. Ne6 Rxb2 35. Ng5 Rb7 36. Qf8+ Rxf8 37. Rxf8# 1-0

[Event "AUT-ch Zwisch Internet"]
[Site "Playchess.com INT"]
[Date "2020.05.02"]
[Round "11"]
[White "Polterauer, Chiara"]
[Black "Gartmayer, Stefan"]
[Result "1/2-1/2"]
[WhiteElo "2178"]
[BlackElo "1914"]
[PlyCount "160"]
[EventDate "2020.05.02"]
[EventType "swiss (blitz)"]
[EventRounds "13"]
[EventCountry "AUT"]
[SourceTitle "CBM 195 Extra"]
[Source "ChessBase"]
[SourceDate "2020.05.31"]
[SourceVersion "1"]
[SourceVersionDate "2020.05.31"]
[SourceQuality "1"]

1. e4 c5 2. Nf3 e6 3. d4 cxd4 4. Nxd4 Nc6 5. Nc3 Qc7 6. Be3 a6 7. a3 Nf6 8. f4 d6 9. Qf3 Be7 10. 0-0-0 Bd7 11. h3 Na5 12. g4 Nc4 13. Bxc4 Qxc4 14. g5 Ng8 15. f5 Rc8 16. Nb3 exf5 17. exf5 Bc6 18. Qg3 Bxh1 19. Rxh1 d5 20. Bd4 f6 21. Re1 Kf8 22. Qe3 fxg5 23. Na5 Qc7 24. Bb6 Qd7 25. Rd1 Nf6 26. Qe6 Qxe6 27. fxe6 Bxa3 28. Nxd5 Nxd5 29. Rxd5 Be7 30. Rf5+ Ke8 31. Rf7 Rd8 32. Bxd8 Kxd8 33. Nxb7+ Ke8 34. Rxg7 h5 35. Na5 Bf6 36. Rf7 Be5 37. Nc4 Bf4+ 38. Kd1 Rf8 39. Rh7 Rf6 40. Rxh5 Rxe6 41. Rh7 Rc6 42. b3 Rc5 43. Ke2 a5 44. Kf3 a4 45. Kg4 axb3 46. cxb3 Rb5 47. Rh8+ Kd7 48. Rh7+ Kc6 49. Rh6+ Kd5 50. Nb6+ Ke4 51. Nc4 Kd3 52. Rh5 Rxb3 53. Na5 Rb1 54. Kf5 Rf1 55. Kg6 Bd2 56. Nc6 Bc3 57. Rh7 Rf6+ 58. Kxg5 Rxc6 59. Rd7+ Kc2 60. Kg4 Rc4+ 61. Kf5 Rc5+ 62. Kg4 Bd2 63. h4 Rc4+ 64. Kh5 Rc6 65. Kg4 Rh6 66. Rd5 Kc3 67. h5 Be3 68. Rd8 Bd4 69. Rd5 Rh8 70. Rd7 Kc4 71. Rd6 Kd3 72. h6 Ke4 73. Kg5 Be5 74. Re6 Rg8+ 75. Kh5 Kf5 76. Ra6 Rg1 77. Ra4 Rh1+ 78. Rh4 Rxh4+ 79. Kxh4 Kg6 80. h7 Kxh7 1/2-1/2